Oxford advanced learner's dictionary of current English

Spremljeno u:
Bibliografski detalji
Glavni autor: Hornby, A S
Format: Knjiga
Jezik:English
Izdano: Oxford Oxford Univ. Press 2015
Izdanje:9th ed.
Teme:
Oznake: Dodaj oznaku
Bez oznaka, Budi prvi tko označuje ovaj zapis!
Thư viện lưu trữ: Trung tâm Học liệu Lê Vũ Hùng, Trường Đại học Đồng Tháp
LEADER 00734pam a22002298a 4500
001 00042605
005 20181010151004.0
008 140922s2010 ||||||engsd
020 # # |a 9780194798785  |c 573000 
041 0 # |a eng 
082 1 4 |a 423  |b O435A 
100 1 # |a Hornby, A S 
245 1 0 |c A S Hornby  |a Oxford advanced learner's dictionary of current English 
250 # # |a 9th ed. 
260 # # |a Oxford  |b Oxford Univ. Press  |c 2015 
300 # # |a 1820 p.  |c 21 cm.  |b ill., map  |e CD 
650 # 4 |x Sách tra cứu  |a Từ điển tiếng anh 
653 # # |a Tiếng anh 
653 # # |a Từ điền 
852 # # |j KD.0024766 
910 |d 10/10/2018 
980 # # |a Trung tâm Học liệu Lê Vũ Hùng, Trường Đại học Đồng Tháp